تربیت نسواں (Record no. 553777)
[ view plain ]
| 000 -LEADER | |
|---|---|
| fixed length control field | 00306nam a22001217a 4500 |
| 082 ## - DEWEY DECIMAL CLASSIFICATION NUMBER | |
| Classification number | 297.7 |
| Author Mark | SID |
| 100 ## - MAIN ENTRY--PERSONAL NAME | |
| Personal name | Sidqi, Niamat |
| 9 (RLIN) | 51036 |
| 245 ## - TITLE STATEMENT | |
| Title | تربیت نسواں |
| 260 ## - PUBLICATION, DISTRIBUTION, ETC. | |
| Place of publication, distribution, etc. | Lahore, |
| Name of publisher, distributor, etc. | Daras salam, |
| Date of publication, distribution, etc. | 2001. |
| 300 ## - PHYSICAL DESCRIPTION | |
| Extent | 150p. |
| Dimensions | 22cm. |
| 526 ## - STUDY PROGRAM INFORMATION NOTE | |
| Program name | 0 |
| Interest level | 0 |
| Reading level | 0 |
| Title point value | 297_700000000000000_SID |
| 942 ## - ADDED ENTRY ELEMENTS (KOHA) | |
| Source of classification or shelving scheme | |
| Koha item type | Book |
| Withdrawn status | Lost status | Source of classification or shelving scheme | Damaged status | Not for loan | Permanent Location | Current Location | Date acquired | Total Checkouts | Full call number | Barcode | Date last seen | Price effective from | Koha item type |
|---|---|---|---|---|---|---|---|---|---|---|---|---|---|
| Military College of Engineering (MCE) | Military College of Engineering (MCE) | 03/15/2017 | 297.7 SID | MCE-35167 | 03/15/2017 | 03/15/2017 | Book |
